000 01036cam a2200325Ii 4500
999 _c200447381
_d65593
001 200447381
003 TR-AnTOB
005 20230906144851.0
007 ta
008 040709s2003 tu d b 000 0 tur
020 _a9757406244
035 _a(TR-AnTOB)200447381
040 _aGAZIU
_beng
_erda
_cGAZIU
_dTR-AnTOB
041 0 _atur
050 4 _aHD9736.T9
_bE85 2003
090 _aHD9736.T9
_bE85 2003
100 1 _aEşiyok, Bayram Ali
_eauthor
_9129984
245 1 0 _aİller ve bölgeler düzeyinde imalat sanayi ve sektörel yapı (1927-1996) /
_cB.Ali Eşiyok.
264 1 _aAnkara :
_bTürkiye Kalkınma Bankası,
_c2003.
300 _a87 pages :
_btables ;
_c30 cm
336 _atext
_btxt
_2rdacontent
337 _aunmediated
_bn
_2rdamedia
338 _avolume
_bnc
_2rdacarrier
650 0 _aİmalat sanayii
_zTürkiye
_931850
650 0 _aEndüstriyel verimlilik
_zTürkiye
_919885
710 2 _aTürkiye Kalkınma Bankası
_932875
942 _2lcc
_cBK